000 00658nam a2200193 i 4500
001 51326
003 ES-MaACL
005 20230906162333.0
007 t|
008 030812s1968 sp ||||1| spa d
100 1 _aCharpentier, Jacques.
_938108
245 1 0 _aA favor de la pena de muerte...
_b: . [En contra de la pena de muerte / Albert Naud] /
_cJaques Charpentier ; traducción de M.C. Pou Solanilla.
260 _aBarcelona :
_bPomaire,
_c[1968]
300 _a2 t. en 1 v. ;
_c20 cm.
700 1 _aNaud, Albert.
_985007
700 1 _aPou Solanilla, M. C.
_993417
740 0 _aEn contra de la pena de muerte.
852 _aES-MaACL
_jC-34435
_bR.65371
999 _c51326
_d51326